Cosmos : del romanticismo a la vanguardia : 1801-2001 / bajo la dirección de Jean Clair del romanticismo a la vanguardia :
Publicado:
Barcelona :
Centre de Cultura Contemporània de Barcelona : Diputació de Barcelona. Institut d'Edicions ,
1999
Descripción Física:
350 p. : principalment il., col. ; 31 cm
Otros Autores:
Clair, Jean, dir
Materias:
Cosmologia -- Exposicions
MARC
| LEADER | 00000nam a2200000Ia 4500 | ||
|---|---|---|---|
| 001 | 12354 | ||
| 008 | 160829s1999 xx 000 0 cat d | ||
| 080 | |a FOL-1-85 | ||
| 245 | |a Cosmos : |b del romanticismo a la vanguardia : |b 1801-2001 / bajo la dirección de Jean Clair | ||
| 260 | |a Barcelona : |b Centre de Cultura Contemporània de Barcelona : |b Diputació de Barcelona. Institut d'Edicions, |c 1999 | ||
| 300 | |a 350 p. : |b principalment il., col. ; |c 31 cm | ||
| 590 | |a Catàleg de l'exposició organitzada pel Museu de Belles Arts de Montreal i coproduïda i presentada al CCCB entre el 23 de novembre de 1999 i el 20 de febrer del 2000 | ||
| 650 | |a Cosmologia |x Exposicions |9 28112 | ||
| 700 | |a Clair, Jean, dir. |9 28113 | ||
| 710 | 2 | |a Centre de Cultura Contemporània de Barcelona |9 52510 | |
| 710 | |a Barcelona (Catalunya : Província). |b Institut d'Edicions |9 53854 | ||
| 901 | |a Arxiu | ||
| 942 | |n 1 | ||
| 952 | |0 0 |1 0 |4 0 |6 FOL185 |7 1 |9 44677 |a Arxiu |b Arxiu |d 2016-12-01 |l 0 |o FOL-1-85 |p 12354 |r 2016-12-01 00:00:00 |w 2016-12-01 |y ARXIU | ||
| 999 | |c 47258 |d 47258 | ||